00365nam a22001097a 4500999001900000020001800019100002000037245005600057260003100113942000700144952010400151 c263355d263354 a9780545280815 aJeanette Winter aWangari's Trees of Peace: A true story from African aNew YorkbScholasticc2008 cBK 001040708FICa40404b40404cCHILDd2024-03-13l0pCL2021230r2024-03-13 00:00:00w2024-03-13yBK